[Event "Champions league"]
[Site "SchemingMind.com"]
[Date "2009.01.17"]
[Round "-"]
[White "mapache"]
[Black "Clive Everill"]
[Result "1-0"]
[WhiteCountry "URU"]
[BlackCountry "CZE"]
[WhiteElo "1748"]
[WhiteRD "108"]
[BlackElo "1648"]
[BlackRD "49"]
[GameID "187976"]

1. e4 c6 2. Nc3 e6 3. d4 Bb4 4. Bd2 Nf6 5. e5 Bxc3 6. Bxc3 Nd5 7. Bd2 O-O 8. c4 Nc7 9. Nf3 b5 10. c5 Nd5
11. Bd3 a5 12. Qc2 g6 13. a3 Bb7 14. h4 b4 15. h5 Ba6 16. hxg6 Bxd3 17. gxh7+ Kh8 18. Qxd3 f5 19. Bg5 Qe8 20. Nh4 Na6
21. Bh6 Qf7 22. Bxf8 Rxf8 23. Qxa6 f4 24. Qd3 Re8 25. Ng6+ Kg7 26. h8=Q+ Rxh8 27. Nxh8 Qg8 28. Qh3 Kf8 29. Qh6+ Ke7 30. Qh7+
1-0

[Event "Champions league"]
[Site "SchemingMind.com"]
[Date "2009.01.18"]
[Round "-"]
[White "Clive Everill"]
[Black "mapache"]
[Result "0-1"]
[WhiteCountry "CZE"]
[BlackCountry "URU"]
[WhiteElo "1635"]
[WhiteRD "52"]
[BlackElo "1865"]
[BlackRD "88"]
[GameID "187981"]

1. e4 c5 2. Nf3 d6 3. c3 Nf6 4. Be2 Nxe4 5. Qa4+ Nc6 6. Qxe4 g6 7. Bb5 Bd7 8. d4 a6 9. Bc4 b5 10. Bb3 c4
11. Bc2 Qc7 12. Bg5 h6 13. Bf6 Rg8 14. d5 Bf5 15. Qe2 Bxc2 16. Qxc2 exf6 17. dxc6 Qxc6 18. O-O O-O-O 19. Nbd2 d5 20. a4 Bc5
21. Rfe1 Rge8 22. Rxe8 Rxe8 23. axb5 axb5 24. b4 Bb6 25. Ra6 Bxf2+ 26. Kxf2 Qxa6 27. Nd4 Re7 28. N2f3 Qa4 29. Qd2 Qa7 30. Kg3 h5=
31. h4 Qd7 32. Qa2 Qb7 33. Qa5 Qc7+ 34. Qxc7+ Kxc7 35. Nxb5+ Kb6 36. Nbd4 Re3 37. Kf4 Rxc3 38. g4 hxg4 39. Kxg4 Rb3 40. h5 gxh5+
41. Kxh5 Rxb4 42. Kh6 c3 43. Kg7 Rxd4 44. Nxd4 Kc5 45. Nc2 d4
0-1

[Event "Champions league"]
[Site "SchemingMind.com"]
[Date "2009.02.16"]
[Round "-"]
[White "Andreas Flato"]
[Black "MARISCAL"]
[Result "0-1"]
[WhiteCountry "GER"]
[BlackCountry "ESP"]
[WhiteElo "1743"]
[WhiteRD "73"]
[BlackElo "2267"]
[BlackRD "90"]
[GameID "192684"]

1. e4 e6 2. Nf3 d5 3. exd5 exd5 4. d4 Bd6 5. h3 Ne7 6. Be2 O-O 7. O-O c6 8. Nc3 Bf5 9. Bg5 Re8 10. Nh4 Be6
11. Bg4 Bxg4 12. Qxg4 Qd7 13. Qh5 Nf5 14. Qd1 Nxh4 15. Bxh4 Na6 16. a3 Nc7 17. Qf3 Ne6 18. Rad1 Qc7 19. Ne2 Qb6 20. Qc3 f5
21. f4 Nc7 22. Ng3 g6 23. Bf6 Re6 24. Be5 Bxe5 25. fxe5 Rxe5 26. Kh2 Re6 27. b4 Nb5 28. Qb2 Rae8 29. a4 Nd6 30. c3 Nc4
0-1

[Event "Champions league"]
[Site "SchemingMind.com"]
[Date "2009.02.16"]
[Round "-"]
[White "MARISCAL"]
[Black "Andreas Flato"]
[Result "1-0"]
[WhiteCountry "ESP"]
[BlackCountry "GER"]
[WhiteElo "2267"]
[WhiteRD "90"]
[BlackElo "1743"]
[BlackRD "73"]
[GameID "192687"]

1. e4 e5 2. Nf3 d6 3. d4 exd4 4. Bc4 Be7 5. Nxd4 Nf6 6. Nc3 c6 7. O-O O-O 8. a4 Nbd7 9. Nf5 Nc5 10. Nxe7+ Qxe7
11. Re1 Be6 12. Bf1 Rfe8 13. f3 h6 14. Be3 Ncd7 15. Ne2 Ne5 16. Nf4 a6 17. Nxe6 fxe6 18. Qd2 d5 19. Bd4 Ned7 20. e5 Nh7
21. a5 c5 22. Bf2 d4 23. b4 cxb4 24. Qxd4 Rad8 25. Rab1 Rc8 26. Qxb4 Qxb4 27. Rxb4 Rxc2 28. Rxb7 Nb8 29. Reb1 Nc6 30. Rc7
1-0

[Event "Champions league"]
[Site "SchemingMind.com"]
[Date "2009.03.17"]
[Round "-"]
[White "smothered mate"]
[Black "mapache"]
[Result "1-0"]
[WhiteCountry "POL"]
[BlackCountry "URU"]
[WhiteElo "1868"]
[WhiteRD "56"]
[BlackElo "1846"]
[BlackRD "96"]
[GameID "196794"]

1. e4 c5 2. c3 Nf6 3. e5 Nd5 4. g3 e6 5. Bg2 Nc6 6. Nf3 d6 7. exd6 Bxd6 8. O-O O-O 9. d3 Qc7 10. Na3 a6
11. Nc4 Be7 12. a4 b6 13. Qc2 Bb7 14. Bd2 b5 15. Ne3 Rfd8 16. Rfd1 h6 17. Nf1
1-0

[Event "Champions league"]
[Site "SchemingMind.com"]
[Date "2009.03.17"]
[Round "-"]
[White "mapache"]
[Black "smothered mate"]
[Result "0-1"]
[WhiteCountry "URU"]
[BlackCountry "POL"]
[WhiteElo "1808"]
[WhiteRD "98"]
[BlackElo "1904"]
[BlackRD "58"]
[GameID "196799"]

1. e4 e5 2. Nf3 Nc6 3. Bc4 Bc5 4. b4 Bxb4 5. c3 Be7 6. O-O Nf6 7. d4 exd4 8. e5 Ne4 9. cxd4 d5 10. Bb3 Bg4
11. Bb2 O-O 12. Qd3 Nb4 13. Qe3 c5 14. Nc3 Bxf3 15. gxf3 Bg5 16. f4 cxd4 17. Qxd4 Nxc3 18. Qxb4 Ne2+ 19. Kh1 Bxf4 20. Rg1 a5
21. Qb5 a4 22. Qxe2 Qh4 23. Rg2 axb3 24. e6 Bh6 25. Rag1 d4 26. Qe5 f6 27. Qd5 Kh8 28. axb3 Rfd8 29. Qxb7 Rg8 30. Rg4 Qxf2
31. Bxd4 Qf5 32. Qe4 Qxe4+ 33. Rxe4 Rge8 34. b4 Rab8 35. Bc3 Rb5 36. Rf1 f5 37. Re2 Kg8 38. Kg2 g6 39. Rfe1 Bg5 40. Re5 Rb6
41. R5e2 Be7 42. Rb2 Bh4 43. Ree2 Rbxe6 44. Rxe6 Rxe6 45. b5 Bd8 46. Bd4 Bb6
0-1

[Event "Champions league"]
[Site "SchemingMind.com"]
[Date "2009.04.17"]
[Round "-"]
[White "jl1234"]
[Black "MARISCAL"]
[Result "0-1"]
[WhiteCountry "POL"]
[BlackCountry "ESP"]
[WhiteElo "1827"]
[WhiteRD "75"]
[BlackElo "2294"]
[BlackRD "102"]
[GameID "200169"]

1. e4 e6 2. d4 d5 3. e5 c5 4. c3 Nc6 5. Bb5 Bd7 6. Nf3 Nxe5 7. Bxd7+ Nxd7 8. Bf4 Ngf6 9. O-O Be7 10. Re1 Qb6
11. Qc2 Rc8 12. Nbd2 cxd4 13. Qd3 dxc3 14. bxc3 O-O 15. Reb1 Qa5 16. Rxb7 Nc5 17. Qb5 Nxb7 18. Qxb7 Qxc3 19. Rb1 Bc5 20. h3 Bb6
21. Be5 Qa3 22. Bb2 Qxa2 23. Qe7 Bc5 24. Qb7 Rb8 25. Qc6 Rfc8
0-1

[Event "Champions league"]
[Site "SchemingMind.com"]
[Date "2009.04.17"]
[Round "-"]
[White "MARISCAL"]
[Black "jl1234"]
[Result "1-0"]
[WhiteCountry "ESP"]
[BlackCountry "POL"]
[WhiteElo "2294"]
[WhiteRD "102"]
[BlackElo "1827"]
[BlackRD "75"]
[GameID "200171"]

1. e4 Nc6 2. d4 e6 3. Nf3 a6 4. d5 Nce7 5. dxe6 dxe6 6. Qxd8+ Kxd8 7. Be3 Nc6 8. Nc3 Bd6 9. O-O-O Ke7 10. Nd4 Ne5
11. h3 Bd7 12. f4 Nc6 13. e5 Bb4 14. Nde2 Nh6 15. g4 Rhd8 16. a3 Ba5 17. Bg2 Kf8 18. b4 Bb6 19. Bxb6 cxb6 20. Na4 Be8
21. Nxb6 Rab8 22. c4 Ng8 23. Rd6 Rxd6 24. exd6 Nf6 25. c5 Na7 26. Rd1 Nd7 27. Nc4 Nc6 28. Bxc6 bxc6 29. Nd4 Nf6 30. Ne5
1-0

[Event "Champions league"]
[Site "SchemingMind.com"]
[Date "2009.04.21"]
[Round "-"]
[White "aplek"]
[Black "Aadsje"]
[Result "1/2-1/2"]
[WhiteCountry "POL"]
[BlackCountry "NED"]
[WhiteElo "2099"]
[WhiteRD "154"]
[BlackElo "2178"]
[BlackRD "70"]
[GameID "200745"]

1. c4 e5 2. Nc3 Nc6 3. Nf3 Nf6 4. g3 Bb4 5. Bg2 O-O 6. O-O e4 7. Ne1 Bxc3 8. dxc3 h6 9. Nc2 Re8 10. Ne3 d6
11. b3 a5 12. Qc2 Bd7 13. a3 b6 14. Bb2 Ne5 15. Nd5 a4 16. b4 Rb8 17. Ne3 Qc8 18. Bc1 Bh3 19. Qxa4 Bxg2 20. Kxg2 Qe6
21. b5 Ra8 22. Qb3 Ra7 23. Rd1 Raa8 24. h3 Ned7 25. Nd5 Rec8 26. Be3 Ra7 27. Qc2 Re8 28. Qd2 Ne5 29. Nxf6+ Qxf6 30. Qd5 Nd7
31. Qc6 Qe6 32. a4 Ne5 33. Qxe4 Qxc4 34. Qxc4 Nxc4=
1/2-1/2

[Event "Champions league"]
[Site "SchemingMind.com"]
[Date "2009.04.18"]
[Round "-"]
[White "Aadsje"]
[Black "aplek"]
[Result "0-1"]
[WhiteCountry "NED"]
[BlackCountry "POL"]
[WhiteElo "2165"]
[WhiteRD "69"]
[BlackElo "2168"]
[BlackRD "145"]
[GameID "200753"]

1. d4 Nf6 2. Bf4 d6 3. Nc3 c6 4. e4 Qa5 5. Bd2 e5 6. Nf3 Be7 7. dxe5 dxe5 8. Nd5 Qd8 9. Nxf6+ Bxf6 10. Be3 O-O
11. a3 Qe7 12. Qd2 Rd8 13. Qa5 b5 14. Be2 Bg4 15. O-O Nd7 16. Rfd1 Qe6 17. c4 Bxf3 18. Bxf3 Qxc4 19. Rac1 Qb3 20. Rc3 Qxb2
21. Bc1 Qb1 22. Bg5 Qxd1+ 23. Bxd1 Bxg5 24. Rc2 Nc5 25. Bh5 Nb3 26. Qc7 g6 27. Qxe5 Nd4 28. Ra2 Bh6 29. Bg4 f5 30. Bf3 Bg7
31. Qf4 fxe4 32. Qxe4 Rf8 33. Qe3 Rae8 34. Be4 c5 35. h4 Re5 36. f3 a5 37. f4 Ree8 38. h5 gxh5 39. g3 Kh8 40. Qd3 c4
41. Qb1 h4 42. Rh2 Bf6 43. gxh4 Bd8 44. f5 Re5 45. Rd2 Rfe8 46. Rxd4 Bb6 47. Kh2 Bxd4 48. Bf3 Re3 49. Kg3 Rb3 50. Qc2 Rxa3
51. Qb1 Rb3 52. Qc2 h5 53. Qd1 Rd3 54. Qb1 Re2 55. Kf4 Be5+ 56. Kg5 Rxf3
0-1

[Event "Champions league"]
[Site "SchemingMind.com"]
[Date "2009.10.23"]
[Round "-"]
[White "aplek"]
[Black "smothered mate"]
[Result "1-0"]
[WhiteCountry "POL"]
[BlackCountry "POL"]
[WhiteElo "2204"]
[WhiteRD "141"]
[BlackElo "1874"]
[BlackRD "70"]
[GameID "223314"]

1. c4 e6 2. Nf3 d5 3. g3 c5 4. cxd5 exd5 5. d4 Nc6 6. Bg2 Nf6 7. O-O cxd4 8. Nxd4 Be7 9. Nc3 Be6 10. b3 O-O
11. Bb2 Nxd4 12. Qxd4 b6 13. Rad1 Bc5 14. Qd3 d4 15. Nb5 Bd5 16. Bxd5 Qxd5 17. Nc7 Qc6 18. Nxa8 Rxa8 19. Bxd4 Rd8 20. Qc4
1-0

[Event "Champions league"]
[Site "SchemingMind.com"]
[Date "2009.10.23"]
[Round "-"]
[White "smothered mate"]
[Black "aplek"]
[Result "0-1"]
[WhiteCountry "POL"]
[BlackCountry "POL"]
[WhiteElo "1874"]
[WhiteRD "70"]
[BlackElo "2204"]
[BlackRD "141"]
[GameID "223323"]

1. e4 e6 2. d4 d5 3. e5 c5 4. Nf3 cxd4 5. Bd3 Nc6 6. O-O Nge7 7. Bf4 Qb6 8. Nbd2 Ng6 9. Bg3 Nb4 10. Nb3 Nxd3
11. Qxd3 Bd7 12. a4 Be7 13. h4 h5 14. a5 Qd8 15. Qxd4 O-O 16. Nc5 Bb5 17. Rfe1 Qc7 18. b4 b6 19. Nb3 Qxc2 20. Re3 Qc4
21. axb6 axb6 22. Rxa8 Rxa8 23. Qxb6 Bxb4 24. Nbd4 Qf1+ 25. Kh2 Ra1 26. Kh3 Qh1+ 27. Nh2 Bf1
0-1

[Event "Champions league"]
[Site "SchemingMind.com"]
[Date "2010.01.20"]
[Round "-"]
[White "MARISCAL"]
[Black "aplek"]
[Result "1-0"]
[WhiteCountry "ESP"]
[BlackCountry "POL"]
[WhiteElo "2329"]
[WhiteRD "92"]
[BlackElo "2155"]
[BlackRD "126"]
[GameID "235621"]

1. e4 e6 2. d4 d5 3. e5 c5 4. c3 Nc6 5. Nf3 Bd7 6. Be2 Nge7 7. Na3 Nf5 8. Nc2 cxd4 9. cxd4 Qa5+ 10. Kf1 Qb6
11. h4 Be7 12. Kg1 h5 13. Rh3 O-O-O 14. Bd3 Nh6 15. b4 Ng4 16. b5 Na5 17. Bd2 Kb8 18. Qe1 Nc4 19. Bxc4 dxc4 20. a4 Qc7
21. Ba5 b6 22. Bb4 Bc8 23. Bxe7 Qxe7 24. a5 f6 25. axb6 axb6 26. Nb4 Bb7 27. Qc3 Qc7 28. Na6+ Bxa6 29. Rxa6 Qb7 30. Qa1 fxe5
31. Ng5
1-0

[Event "Champions league"]
[Site "SchemingMind.com"]
[Date "2010.01.21"]
[Round "-"]
[White "aplek"]
[Black "MARISCAL"]
[Result "1/2-1/2"]
[WhiteCountry "POL"]
[BlackCountry "ESP"]
[WhiteElo "2208"]
[WhiteRD "112"]
[BlackElo "2305"]
[BlackRD "88"]
[GameID "235627"]

1. c4 e5 2. Nc3 Nf6 3. Nf3 Nc6 4. g3 Bb4 5. Bg2 O-O 6. O-O e4 7. Ne1 Bxc3 8. dxc3 h6 9. Nc2 Re8 10. Ne3 d6
11. b3 Ne7 12. Qc2 Nf5 13. Rd1 Nxe3 14. Bxe3 Ng4 15. Qc1 Nxe3 16. Qxe3 b6 17. Rd4 Bb7 18. Qf4 Qg5 19. Qxg5 hxg5 20. a4 a5
21. Rad1 Re6 22. g4 g6 23. e3 Rae8 24. Kf1 f5 25. gxf5 gxf5 26. b4 Kf7 27. h3 Bc6 28. Ra1 Rf6 29. Ke2 Rh6 30. Kd2 Rg8
31. Ke2 Ke6 32. b5 Bb7 33. Rg1 Rh4 34. Bf1 g4 35. hxg4 Rgxg4 36. Rxg4 Rxg4 37. Rd1 Rh4 38. Bg2 Ke5=
1/2-1/2